Advanced stamp collecting (second printing) (Record no. 2352)
[ view plain ]
| 000 -LEADER | |
|---|---|
| fixed length control field | 00318nam a22000977a 4500 |
| 008 - FIXED-LENGTH DATA ELEMENTS--GENERAL INFORMATION | |
| fixed length control field | 170410b xxu||||| |||| 00| 0 eng d |
| 100 ## - MAIN ENTRY--AUTHOR'S NAME | |
| Author's Name | Chicago Philatelic Society |
| 245 ## - TITLE STATEMENT | |
| Title | Advanced stamp collecting (second printing) |
| 260 ## - PUBLICATION, DISTRIBUTION, ETC. (IMPRINT) | |
| Place of publication, distribution, etc. | Chicago |
| Name of publisher, distributor, etc. | Chicago Philatelic Society |
| Date of publication, distribution, etc. | 1946 |
| 650 ## - TOPICAL TERM (Tag) | |
| Topical term or geographic name | Collecting -- Guides and Handbooks |
| Withdrawn status | Lost status | Source of classification or shelving scheme | Damaged status | Koha normalized classification for sorting | Not for loan | Permanent Location | Current Location | Shelving location | Date acquired | Total Checkouts | Full call number | Barcode | Date last seen | Date last checked out | Copy number | Price effective from |
|---|---|---|---|---|---|---|---|---|---|---|---|---|---|---|---|---|
| G3201 C679 C532 | Northern Philatelic Library | Northern Philatelic Library | General Stacks | 04/10/2017 | 1 | G3201 C679 C532 | 1003197 | 04/28/2018 | 04/23/2018 | 1 | 04/10/2017 |